El Jaul : novela

Αποθηκεύτηκε σε:
Λεπτομέρειες βιβλιογραφικής εγγραφής
Κύριος συγγραφέας: Jiménez, Max
Μορφή: Βιβλίο
Γλώσσα:Undetermined
Έκδοση: Santiago, Chile Editorial Nascimento 1937
Θέματα:
Ετικέτες: Προσθήκη ετικέτας
Δεν υπάρχουν, Καταχωρήστε ετικέτα πρώτοι!

MARC

LEADER 00000nam a2200000Ia 4500
008 170316s9999 xx 000 0 und d
040 |a cru BVZT 
090 |a 868 J-7j 
100 |a Jiménez, Max 
245 |a El Jaul : novela 
260 |a Santiago, Chile 
260 |b Editorial Nascimento 
260 |c 1937 
300 |a 164 páginas 
650 |a LITERATURA COSTARRICENSE 
650 |a NOVELA 
999 |c 11232  |d 11232 
942 |c 15 D  |h 868 J-7j  |2 z